00836nam a22002417a 4500999001500000001000600015003000900021005001700030008004100047020001700088040003800105082001600143245006900159260007600228300004600304500002000350504003100370650001800401650002800419700002100447942001200468952011400480 c3922d392217971BD-DhUAP20210131122827.0200315r20092002enka|||| b||| 001 0 eng d a978052154487 aBD-DhUAPbEngcBD-DhUAPdBD-DhUAP 223a410 LIN aLinguistics : ban introduction / cAndrew Radford ... [et al.]. aCambridge, UK : bCambridge University Press, cc2002 [Reprinted 2009]. axvi, 438 pages :billustrations ;c23 cm. aIncludes index. aBibliography : p. 424-428. aLinguistics.  aLanguage and languages. aRadford, Andrew. 2ddccBK 00102ddc4070aUAPCLbUAPCLcGeneral Stacksd2020-03-15o410 LINp3010017971r2020-03-15t1w2020-03-15yBK